Antología poética ; (Record no. 164991)

MARC details
000 -LEADER
campo de control de longitud fija 00904nam a2200265 i 4500
001 - NÚMERO DE CONTROL
campo de control 164991
003 - IDENTIFICADOR DE NÚMERO DE CONTROL
campo de control ES-MaACL
005 - FECHA Y HORA DE LA ÚLTIMA TRANSACCIÓN
campo de control 20240605120249.0
008 - DATOS DE LONGITUD FIJA--INFORMACIÓN GENERAL
campo de control de longitud fija 180723s1990 sp |||| | spa d
020 ## - NÚMERO INTERNACIONAL ESTÁNDAR DEL LIBRO
Número Internacional Estándar del Libro 84-306-0140-6
040 ## - FUENTE DE CATALOGACIÓN
Centro/agencia transcriptor ES-MaACL
080 ## - NÚMERO DE LA CLASIFICACIÓN DECIMAL UNIVERSAL
Número de la Clasificación Decimal Universal 821.134.2-14"19"
100 1# - ENTRADA PRINCIPAL--NOMBRE DE PERSONA
Nombre de persona Hernández, Miguel,
Fechas asociadas al nombre 1910-1942
9 (RLIN) 62844
Término indicativo de función/relación Autor
245 10 - MENCIÓN DEL TÍTULO
Título Antología poética ;
Resto del título El labrador de más aire /
Mención de responsabilidad, etc. Miguel Hernández ; edición de José Carlos Rovira, con la colaboración de Carmen Alemany.
246 ## - FORMA VARIANTE DEL TITULO
Título propio/Titulo breve El labrador de más aire
260 ## - PUBLICACIÓN, DISTRIBUCIÓN, ETC.
Lugar de publicación, distribución, etc. Madrid :
Nombre del editor, distribuidor, etc. Taurus,
Fecha de publicación, distribución, etc. 1990.
300 ## - DESCRIPCIÓN FÍSICA
Extensión 391 p. ;
Dimensiones 18 cm.
700 0# - ENTRADA AGREGADA--NOMBRE PERSONAL
Nombre de persona Rovira, José Carlos,
Fechas asociadas al nombre 1949-
Término indicativo de función/relación Editor literario
9 (RLIN) 100129
700 1# - ENTRADA AGREGADA--NOMBRE PERSONAL
Nombre de persona Alemany Bay, Carmen.
9 (RLIN) 19731
Término indicativo de función/relación Editor literario
740 32 - ENTRADA AGREGADA--TÍTULO RELACIONADO/ANALÍTICO NO CONTROLADO
Título relacionado o analítico no controlado El labrador de más aire.
852 ## - LOCALIZACIÓN
Ubicación ES-MaACL
Número de control de estantería L-32126
942 ## - ELEMENTOS DE ENTRADA SECUNDARIOS (KOHA)
Tipo de ítem Koha Libro impreso
Suprimir en OPAC No
Holdings
Estatus retirado Estado de pérdida Estado de daño No para préstamo Biblioteca de origen Biblioteca actual Ubicación en estantería Fecha de adquisición Fuente de adquisición Total de préstamos Signatura topográfica completa Código de barras Visto por última vez Precio de reemplazo Tipo de ítem Koha
        Biblioteca del Ateneo de Madrid Biblioteca del Ateneo de Madrid Depósito 2 23/07/2018     L-32126 1199150 23/02/2023 23/02/2023 Libro impreso